| 000 -LEADER |
| fixed length control field |
01015cam a2200253 a 4500 |
| 001 - CONTROL NUMBER |
| control field |
.b11975416 |
| 003 - CONTROL NUMBER IDENTIFIER |
| control field |
OSt |
| 005 - DATE AND TIME OF LATEST TRANSACTION |
| control field |
20220804160333.0 |
| 008 - FIXED-LENGTH DATA ELEMENTS--GENERAL INFORMATION |
| fixed length control field |
100806r20102009nyu 000 1 eng d |
| 010 ## - LIBRARY OF CONGRESS CONTROL NUMBER |
| LC control number |
bl2010003562 |
| 020 ## - INTERNATIONAL STANDARD BOOK NUMBER |
| International Standard Book Number |
9780446570961 (mass market ed. : pbk.) : |
| 040 ## - CATALOGING SOURCE |
| Original cataloging agency |
NjBwBT |
| Transcribing agency |
NjBwBT |
| Modifying agency |
KH8 |
| 042 ## - AUTHENTICATION CODE |
| Authentication code |
nbic |
| 082 ## - DEWEY DECIMAL CLASSIFICATION NUMBER |
| Classification number |
FIC SPA |
| 100 1# - MAIN ENTRY--PERSONAL NAME |
| Personal name |
Sparks, Nicholas. |
| Relator term |
Author |
| 245 14 - TITLE STATEMENT |
| Title |
The last song / |
| Statement of responsibility, etc. |
Nicholas Sparks. |
| 260 ## - PUBLICATION, DISTRIBUTION, ETC. |
| Place of publication, distribution, etc. |
New York : |
| Name of publisher, distributor, etc. |
Grand Central Pub., |
| Date of publication, distribution, etc. |
c2009. |
| 300 ## - PHYSICAL DESCRIPTION |
| Extent |
xiv, 463 p. ; |
| Dimensions |
18 cm. |
| 500 ## - GENERAL NOTE |
| General note |
Originally published in hardcover by Hachette Book Group; First Scholastic ed. : March 2010; First Mass Market Media Tie-in ed.: March 2010. |
| 520 ## - SUMMARY, ETC. |
| Summary, etc. |
Her teenage life turned upside-down by her parents' divorce and her father's relocation out of state, Ronnie Miller remains bitter three years later when her mother urges her to spend a summer with her father. |
| 650 #0 - SUBJECT ADDED ENTRY--TOPICAL TERM |
| Topical term or geographic name entry element |
Teenage girls |
| Form subdivision |
Fiction. |
| 650 #0 - SUBJECT ADDED ENTRY--TOPICAL TERM |
| Topical term or geographic name entry element |
Teenage girls |
| Form subdivision |
Fiction. |
| 942 ## - ADDED ENTRY ELEMENTS (KOHA) |
| Source of classification or shelving scheme |
|
| Koha item type |
Books - Fiction |